Quelle ville du Val-de-Marne ? - Statistiques

Statistiques générales
  • Ce quiz a été pris 104 fois
  • Le résultat moyen est 13 sur 20
Statistiques - réponses
Quelle commune val-de-marnaise... Lettre Ville % Correct
...accueille plus de 30 millions de passagers par an dans son aéroport ? O Orly
99%
...abrite le plus grand marché de produits agricoles du monde ? R Rungis
94%
...tire son nom d'un bois qui ne lui appartient pourtant plus depuis 1929 ? V Vincennes
88%
...est indissociable de ses grands ensembles en forme de choux-fleurs ? C Créteil
84%
...est communiste depuis plus d'un siècle et eut Maurice Thorez pour député ? I Ivry-sur-Seine
84%
...aurait selon certains auteurs été fondée par des Juifs chassés de Paris ? V Villejuif
75%
...abrite, avec Fleury-Mérogis, l'un des grands centres pénitentiaires franciliens ? F Fresnes
73%
...fut nommée d'après la campagne de Russie et pas la Ceinture rouge ? (L) K Le Kremlin-Bicêtre
72%
...eut l'autorisation de mettre sa roseraie en avant dans son nom en 1914 ? (L) H L'Haÿ-les-Roses
72%
...est réputée pour son école vétérinaire créée sous Louis XV ? M Maisons-Alfort
65%
...dispose du troisième plus grand centre commercial français, la Belle Epine ? T Thiais
64%
...abrite la Maison des examens, le musée du jeu vidéo et la Vache Noire ? A Arcueil
58%
..vit des guinguettes s'installer en bord de Marne dès le milieu du XIXe siècle ? N Nogent-sur-Marne
58%
...est desservie par huit arrêts de la ligne 9 du tramway d'Ile-de-France ? V Vitry-sur-Seine
58%
...partage ses aqueducs et une partie de son histoire avec cette dernière ? C Cachan
51%
...donnait son titre à un académicien et directeur du Figaro prénommé Jean ? O Ormesson-sur-Marne
51%
...s'est détachée de la précédente à la Révolution, malgré son refus ? J Joinville-le-Pont
44%
...est l'objet du pèlerinage de Notre-Dame des Miracles depuis 1068 ? S Saint-Maur-des-Fossés
36%
...fut choisie comme domaine de chasse par Louis XV, lui donnant son nom ? C Choisy-le-Roi
32%
...est un pôle pharmaceutique, abritant notamment le siège de Sanofi ? G Gentilly
24%
Aucun quiz correspondant
Distribution des résultats
% des personnes avec chaque résultat
Percentile par nombre de réponses
Votre historique - résultats
Vous n’avez pas pris ce quiz